| 000 | 01084njm a22003017a 4500 | ||
|---|---|---|---|
| 005 | 20100918120820.0 | ||
| 007 | sd ammalaaahaa | ||
| 008 | 100918t xxu||||| |||| 00| 0 hin d | ||
| 028 |
_aSFLP-1154 _bSuper ; T- Series |
||
| 035 | _aGR-04502 | ||
| 040 | _aSED/VEN | ||
| 100 | _920657 | ||
| 245 |
_aInsaf ki awaz / _h[sound recording] : _cLyrics by Indivar ; music by Bappi Lahiri |
||
| 246 | _aइंसाफ की आवाज़ | ||
| 260 |
_aDum Dum India _bSuper ; T-Series _c1987 |
||
| 300 |
_a1 sound disc [Gramophone record] : _banalog, 331/3 rpm _c12 in (LP) _fGramophone Record |
||
| 500 | _aBrief Record | ||
| 500 | _aSuper ; T-Series | ||
| 500 | _aRed | ||
| 500 | _aLong Play | ||
| 505 | _aRadhe pyar de part 1 (Insaf ki awaz) (Kishore Kumar) Pyar pyar part 2 (Insaf ki awaz) (Mohd. Aziz) | ||
| 650 |
_vFilmi Song _xExcerpts _zIndia _920658 _aClassical Music |
||
| 700 |
_920659 _aIndivar |
||
| 700 |
_920660 _aLahiri, Bappy |
||
| 700 | _920674 | ||
| 942 |
_2ddc _cGR |
||
| 999 |
_c47311 _d47311 |
||